Datum a čas kvízu
22
Celkem bodů
Celkový počet nahraných bodů na tomto kvízu bez doplňovacích otázek.
8.
Pořadí na kvízu
Konečné umístění týmu na tomto kvízu.
Zaznamenané odpovědi
| # | Otázka | Odpověď | Body | Výsledky |
|---|---|---|---|---|
| 1. | Jak se jmenuje hejtman, který... | Jan Krkoška, Moravskoslezský kraj | 0 | |
| 2. | Historicky prvním premiérem ev... | Wales | 0 | |
| 3. | Jak se nazývá známé pražské di... | Ypsilon | 1 | |
| 4. | V minulém týdnu probíhal v Brn... | Amper | 1 | |
| 5. | Ester Ledecká si k sobotním n... | 29. narozeniny (28. a 30. za půl bodu) | 0 | |
| 6. | Toto literární téma vyhrálo mi... | Sto roků samoty | 0 | |
| 7. | Dívka Fern jednoho dne pozoruj... | Šarlotina pavučinka, E. B. White | 0 | |
| 8. | Přiřaďte klasická díla ruské l... | 1C 2A 3D 4B | 1 | |
| 9. | Jedna z nejprodávanějších knih... | Anne Frank | 0 | |
| 10. | Na závěr se zaměříme na novějš... | Dívka ve vlaku | 0 |